Music Genres - Sudden Death - Statistics

General Stats
  • This quiz has been taken 4,223 times
    2,527 since last reset
  • The average score is 4 of 20
Answers on the Grid
Answers color-coded by a green-red scale on the quiz's grid according to % correct below.
Shoegaze
UK Drill
Britpop
Jangle Pop
Grebo
New Wave
Rage
Red Dirt
Breakbeat
Hyperpop
Harsh Noise
Big Music
Coldwave
Tribal Ambient
Delta Blues
Deconstructed Club
Totalism
No Wave
Afrobeats
Visual kei
Toropop
Ancient Jazz
Beatcore
Danga
New Sound
String Rock
Modernism
Post-Jazz
Alternative Gospel
Evil Metal
Deathwave
Northern Rap
 
Answer Stats
Answer % Correct
Afrobeats
52%
New Wave
51%
Britpop
46%
UK Drill
42%
Hyperpop
34%
Delta Blues
23%
Shoegaze
22%
Rage
18%
Breakbeat
12%
Jangle Pop
11%
Coldwave
10%
Harsh Noise
8%
No Wave
8%
Tribal Ambient
8%
Visual kei
8%
Deconstructed Club
4%
Red Dirt
3%
Totalism
3%
Big Music
2%
Grebo
2%
No matching quizzes found
Score Distribution
Percent of People with Each Score
Percentile by Number Answered
Your Score History
You have not taken this quiz since the last reset